Economics of development and planning : theory and practice , edition 2001 (Record no. 817003)

MARC details
000 -LEADER
fixed length control field 00617nam a2200193Ia 4500
008 - FIXED-LENGTH DATA ELEMENTS--GENERAL INFORMATION
fixed length control field 101110s9999 xx 000 0 und d
041 ## - LANGUAGE CODE
Language code of text/sound track or separate title ENGLISH
082 ## - DEWEY DECIMAL CLASSIFICATION NUMBER
Item number SR24330
100 ## - MAIN ENTRY--PERSONAL NAME
Personal name Misra, S.K. and Puri, V.K.
245 ## - TITLE STATEMENT
Title Economics of development and planning : theory and practice , edition 2001
365 ## - TRADE PRICE
Price amount 325
520 ## - SUMMARY, ETC.
Summary, etc Economics
546 ## - LANGUAGE NOTE
Language note ENGLISH
630 ## - SUBJECT ADDED ENTRY--UNIFORM TITLE
Uniform title Economics of development and planning : theory and practice , edition 2001
650 ## - SUBJECT ADDED ENTRY--TOPICAL TERM
Topical term or geographic name as entry element Economics
655 ## - INDEX TERM--GENRE/FORM
Genre/form data or focus term Economics
730 ## - ADDED ENTRY--UNIFORM TITLE
Uniform title Economics of development and planning : theory and practice , edition 2001
942 ## - ADDED ENTRY ELEMENTS (KOHA)
Koha item type Book
Holdings
Withdrawn status Lost status Damaged status Not for loan Home library Current library Shelving location Date acquired Cost, normal purchase price Shelving control number Total Checkouts Barcode Date last seen Price effective from Koha item type
        D. B. J. College, Chiplun D. B. J. College, Chiplun   11/11/2010 325.00     DBJSR24330 11/11/2010 11/11/2010 Book